| 000 | 02202nam a22002657a 4500 | ||
|---|---|---|---|
| 999 |
_c61254 _d61254 |
||
| 003 | Ge_BSU | ||
| 005 | 20240112143512.0 | ||
| 008 | 240112s2021 ge ||||| |||| 00| 0 geo d | ||
| 020 | _a9789941326325 | ||
| 041 | _ageo | ||
| 080 | _a005:511 ო-43 | ||
| 100 |
_aოლეტი, ბილ _921035 |
||
| 245 |
_aგამართული ანტრეპრენერობა : _cბილ ოლეტი; ინგლისურიდან თარგმნა ხათუნა ბასილაშვილმა; ილუსტრატორი მარიუს ურსაჩი; სარედაქციო ჯგუფი: ზურაბ აბაშიძე, სალომე ლომთაძე, რუსუდან გელაშვილი [და სხვა]. _b24 ნაბიჯი წარმატებული სტარტაპისკენ / |
||
| 264 |
_aთბილისი : _bპალიტრა L, _c2021. |
||
| 300 |
_a314 გვ. : _b ილ. ; _c20 სმ |
||
| 500 | _aწიგნის თარგმნა და გამოცემა ბიზნესისა და ტექნოლოგიების უნივერსიტეტის ინიციატივით და საქართველოში აშშ-ის საელჩოს წიგნის თარგმნის პროგრამის ფარგლებში განხორციელდა. | ||
| 501 | _aლექსიკონი: გვ. 297-298. საძიებელი: გვ. 301-314. | ||
| 653 | _aბიზნესის დაგეგმვა | ||
| 700 |
_aბასილაშვილი, ხათუნა _eმთარგმნელი _97737 |
||
| 700 |
_aურსაჩი, მარიუს _eილუსტრატორი _921036 |
||
| 700 |
_aაბაშიძე, ზურაბ _eრედაქტორი _91322 |
||
| 700 |
_aლომთაძე, სალომე _eრედაქტორი _921037 |
||
| 700 |
_aგელაშვილი, რუსუდან და სხვ. _eრედაქტორი _921038 |
||
| 942 |
_2udc _cᲬᲘᲒᲜᲘ |
||